Rádiové soustavy

Gespeichert in:
Bibliographische Detailangaben
1. Verfasser: Šebesta, Vladimír (Verfasst von)
Format: Buch
Sprache:Tschechisch
Veröffentlicht: Brno : Vysoké učení technické v Brně, 1985
Ausgabe:3. vyd.
Tags: Tag hinzufügen
Keine Tags, Fügen Sie das erste Tag hinzu!

MARC

LEADER 00000nam a22000003a 4500
001 stu25673
005 20150617225745.7
008 980521s1985------------------------cze-d
040 |a STU  |b slo 
041 0 |a cze 
100 1 |a Šebesta, Vladimír  |4 aut 
245 1 |a Rádiové soustavy 
250 |a 3. vyd. 
260 |a Brno :  |b Vysoké učení technické v Brně,  |c 1985 
300 |a 215 s 
996 |b 284ES17447  |c E*S-23392  |l EE01  |s A  |a 24  |w stu25673_0003 
996 |b 284ES17441  |c E*S-25590  |l EE01  |s A  |a 24  |w stu25673_0005 
996 |b 284ES17451  |c E*S-24690  |l EE01  |s A  |a 24  |w stu25673_0008 
996 |b 284ES17443  |c E*S-25587  |l EE01  |s A  |a 24  |w stu25673_0011